| 000 | 00924nam a22002411i 4500 | ||
|---|---|---|---|
| 003 | SA-RiAUC | ||
| 005 | 20251008065649.0 | ||
| 008 | 251004s1971 ku g 000 0 ara c | ||
| 040 |
_aBH-JuISA _bara _cSA-RiAUC. _erda |
||
| 082 | 0 | 4 |
_a227.1 _qSA-RiAUC |
| 090 |
_a227.1 _b ا ب ن ت |
||
| 100 | 1 |
_aابن تيمية، أحمد بن عبد الحليم بن عبد السلام، _d661-728 هجري _eمؤلف. |
|
| 245 | 1 | 0 |
_aمقدمة في أصول التفسير / _cتأليف تقي الدين أحمد ابن تيمية. |
| 264 | 1 |
_aالكويت : _bدار القرآن الكريم، _c1971 |
|
| 300 |
_a137 صفحة ؛ _c24 سم |
||
| 336 |
_aنص _btxt _2rdacontent _3كتاب |
||
| 337 |
_aبدون وسيط _bn _2rdamedia |
||
| 338 |
_aمجلد _bnc _2rdacarrier |
||
| 630 | 2 | 7 |
_aالقرآن _xتفسير _2aucut |
| 730 | 2 | 2 | _aالقرآن |
| 942 |
_2ddc _cBOOK _n0 |
||
| 949 |
_aSA-JeALM _d251004 _umohamedma123 _n1 |
||
| 999 |
_c12476 _d12476 |
||